Clubs de Premier League et Championship (2026-2027) - Statistiques

Statistiques générales
  • Ce quiz a été pris 25 fois
  • Le résultat moyen est 33 sur 44
Statistiques - réponses
% Correct
Premier League Arsenal
100%
Premier League Bournemouth
100%
Premier League Liverpool
100%
Premier League Manchester City
100%
Premier League Manchester United
100%
Premier League Tottenham
100%
Championship Wolverhampton
100%
Premier League Aston Villa
95%
Premier League Brentford
95%
Championship Burnley
95%
Premier League Chelsea
95%
Premier League Sunderland
95%
Premier League Everton
91%
Premier League Ipswich
91%
Premier League Leeds
91%
Premier League Newcastle
91%
Championship West Ham
91%
Premier League Brighton
86%
Premier League Crystal Palace
86%
Premier League Fulham
86%
Premier League Hull City
86%
Premier League Nottingham Forest
82%
Championship Southampton
82%
Championship Birmingham City
77%
Premier League Coventry
77%
Championship Swansea
77%
Championship Cardiff
68%
Championship Blackburn
64%
Championship Norwich
64%
Championship Derby County
59%
Championship Middlesbrough
59%
Championship Milwall
59%
Championship Sheffield United
59%
Championship Watford
59%
Championship West Bromwich Albion
59%
Championship Portsmouth
55%
Championship Stoke City
50%
Championship Wrexham
50%
Championship Bolton
45%
Championship Bristol City
41%
Championship Preston North End
41%
Championship Queens Park Rangers
41%
Championship Charlton
36%
Championship Lincoln
18%
Aucun quiz correspondant
Distribution des résultats
% des personnes avec chaque résultat
Percentile par nombre de réponses
Votre historique - résultats
Vous n’avez pas pris ce quiz